书目信息 |
| 题名: |
经济作物四十例
|
|
| 作者: | ;江苏省科学技术情报研究所 , 江苏省射阳县科学技术委员会 编 | |
| 分册: | ||
| 出版信息: | 北京 农村读物出版社 1982 |
|
| 页数: | 120页 | |
| 开本: | 19cm | |
| 丛书名: | 多种经营丛书 | |
| 单 册: | ||
| 中图分类: | S56 | |
| 科图分类: | ||
| 主题词: | 经济作物--基本知识 | |
| 电子资源: | ||
| ISBN: | ||
| 000 | 00864nam2 2200265 45 | |
| 001 | 0182009774 | |
| 005 | 20060919092929.03 | |
| 010 | @dCNY0.35 | |
| 091 | @a16267.4 | |
| 100 | @a19950428d1982 em y0chiy0121 ea | |
| 101 | 0 | @achi |
| 102 | @aCN@b110000 | |
| 105 | @ay z 000yy | |
| 200 | 10 | @a经济作物四十例@Ajing ji zuo wu si shi li@f江苏省科学技术情报研究所, 江苏省射阳县科学技术委员会编 |
| 210 | @a北京@c农村读物出版社@d1982 | |
| 215 | @a120页@d19cm | |
| 225 | 2 | @a多种经营丛书 |
| 410 | 0 | @120010@a多种经营丛书 |
| 606 | @a经济作物@x基本知识 | |
| 690 | @aS56@v3 | |
| 711 | 02 | @a江苏省科学技术情报研究所@Ajiang su sheng ke xue ji shu qing bao yan jiu suo@4编 |
| 711 | 02 | @a江苏省射阳县科学技术委员会@Ajiang su sheng she yang xian ke xue ji shu wei yuan hui@4编 |
| 801 | 0 | @aCN@bTSSF@c20060919 |
| 801 | 2 | @aCN@bNLC@c20060801 |
| 905 | @a10447@dS56@e22 | |
| 经济作物四十例/江苏省科学技术情报研究所, 江苏省射阳县科学技术委员会编.-北京:农村读物出版社,1982 |
| 120页;19cm.-(多种经营丛书) |
| ISBN :CNY0.35 |
| ● |
| 相关链接 |
|
|
|
|
正题名:经济作物四十例
索取号:S56/22
 
预约/预借
| 序号 | 登录号 | 条形码 | 馆藏地/架位号 | 状态 | 备注 |
| 1 | 0422332 | 204223321 | 密集书库/ [索取号:S56/22] | 在馆 | |
| 2 | 0439275 | 204392754 | 密集书库/ [索取号:S56/22] | 在馆 | |
| 3 | 0439276 | 204392763 | 密集书库/ [索取号:S56/22] | 在馆 |